الإبداع و الصراع : (Record no. 14176)
[ view plain ]
| 000 -LEADER | |
|---|---|
| fixed length control field | 00868nam a22001937a 4500 |
| 008 - FIXED-LENGTH DATA ELEMENTS--GENERAL INFORMATION | |
| fixed length control field | 100623t xxu||||| |||| 00| 0 eng d |
| 020 ## - INTERNATIONAL STANDARD BOOK NUMBER | |
| International Standard Book Number | 9773830063 |
| 082 ## - DEWEY DECIMAL CLASSIFICATION NUMBER | |
| Edition number | 22 |
| Classification number | 155.61 |
| Item number | ع ا م |
| 100 ## - MAIN ENTRY--PERSONAL NAME | |
| 9 (RLIN) | 15097 |
| Personal name | عامر ،أيمن |
| 245 ## - TITLE STATEMENT | |
| Title | الإبداع و الصراع : |
| Remainder of title | إطلالة نفسية على حياتنا اليومية |
| Statement of responsibility, etc | أيمن عامر |
| 260 ## - PUBLICATION, DISTRIBUTION, ETC. (IMPRINT) | |
| Place of publication, distribution, etc | القاهرة: |
| Name of publisher, distributor, etc | إيتراك للنشر و التوزيع، |
| Date of publication, distribution, etc | 2004. |
| 300 ## - PHYSICAL DESCRIPTION | |
| Extent | 149ص. |
| Dimensions | 24سم. |
| 490 ## - Series Statement | |
| -- | 15099 |
| Series statement | سلسلة علم النفس التطبيقى |
| 650 ## - SUBJECT ADDED ENTRY--TOPICAL TERM | |
| 9 (RLIN) | 15100 |
| Topical term or geographic name as entry element | الإبداع |
| 650 ## - SUBJECT ADDED ENTRY--TOPICAL TERM | |
| 9 (RLIN) | 15101 |
| Topical term or geographic name as entry element | الإبتكار |
| 650 ## - SUBJECT ADDED ENTRY--TOPICAL TERM | |
| 9 (RLIN) | 15102 |
| Topical term or geographic name as entry element | القدرة الخلاقة |
| 942 ## - ADDED ENTRY ELEMENTS (KOHA) | |
| Source of classification or shelving scheme | Dewey Decimal Classification |
| Item type | Book - Borrowing |
| Withdrawn status | Item status | Source of classification or shelving scheme | Damaged status | Not for loan | Vendor | Home library | Current library | Shelving location | Date acquired | Source of acquisition | Total Checkouts | Full call number | Barcode | Date last seen | Date last borrowed | Koha item type |
|---|---|---|---|---|---|---|---|---|---|---|---|---|---|---|---|---|
| Dewey Decimal Classification | Central Library | Central Library | Lower Floor | 23/06/2010 | Donation | 1 | 155.61 ع ا م | 000020987 | 15/07/2025 | 29/05/2025 | Book - Borrowing |